| 000 | 00872cam a2200277 a 4500 | ||
|---|---|---|---|
| 001 | 15275582 | ||
| 005 | 20180223082743.0 | ||
| 008 | 080424s2009 njua b 001 0 eng | ||
| 010 | _a 2008018134 | ||
| 020 | _a0132414449 | ||
| 020 | _a9780132414449 | ||
| 035 | _a(OCoLC)ocn226308136 | ||
| 035 | _a(OCoLC)226308136 | ||
| 040 |
_aDLC _cDLC _dBAKER _dBTCTA _dC#P _dYDXCP _dBWX _dDLC |
||
| 041 | _aeng | ||
| 043 | _an-us--- | ||
| 080 | _a371.90973 dav | ||
| 082 | 0 | 0 |
_a371.90973 dav _222 |
| 100 | 1 | _a48 | |
| 101 | _aedu | ||
| 245 | 1 | 0 |
_aTeaching students with severe disabilities / _cDavid L. Westling, Lise Fox. |
| 504 | _aIncludes bibliographical references and indexes. | ||
| 906 |
_a7 _bcbc _corignew _d1 _eecip _f20 _gy-gencatlg |
||
| 942 |
_2ddc _cBK |
||
| 999 |
_c43307 _d43307 |
||